MARC

LEADER 00000nas a2200000 a 4500
001 ssj0000601479
003 WaSeSS
005 20200512172242.0
006 m d
007 cr n
008 101220c20109999enkfr p s 0 0eng c
010 |a  2012243210 
015 |a GBB104244  |2 bnb 
016 7 |a 2601339-3  |2 DE-600 
016 7 |a 101554949  |2 DNLM 
016 7 |a 014929147  |2 Uk 
022 |y 2040-5111 
035 |a (WaSeSS)ssj0000601479 
040 |a EQO  |b eng  |c EQO  |d HEBIS  |d UKMGB  |d NLM  |d OCLCF  |d OCLCO  |d OCLCQ  |d OCLCA  |d WaSeSS 
042 |a pcc 
060 0 0 |a W1  |b JO716DL 
245 0 0 |a Journal of interactional research in communication disorders  |h [electronic resource]. 
246 1 3 |a JIRCD 
260 |a London :  |b Equinox Pub. 
310 |a Semiannual 
362 1 |a Began with: Vol. 1.1 (2010). 
506 |a License restrictions may limit access. 
588 |a Description based on: Vol. 1.1 (2010); title from title page. 
588 |a Latest issue consulted: Vol. 2.2 (2011). 
650 0 |a Communicative disorders  |x Treatment  |v Periodicals. 
650 0 |a Communicative disorders  |v Periodicals. 
650 0 |a Social interaction  |v Periodicals. 
650 1 2 |a Communication Disorders. 
650 2 2 |a Interpersonal Relations. 
650 7 |a Communicative disorders.  |2 fast  |0 (OCoLC)fst00870370 
650 7 |a Communicative disorders  |x Treatment.  |2 fast  |0 (OCoLC)fst00870393 
650 7 |a Social interaction.  |2 fast  |0 (OCoLC)fst01122562 
655 0 |a Electronic journals. 
856 4 0 |z Full text available from Research Library: 01/01/2012 to 01/31/2016  |u https://search.proquest.com/publication/1036400